000 00548nam a2200169 4500
001 13449
005 20230410124212.0
008 060907n2001 dr spa
035 _9funglode13564
041 _aEN
050 1 4 _aP 91 O32 2001
111 _aOfficial Program The 51st Annual Conference
245 1 4 _aThe 51st annual conference of the international communication association :
_bcommunication research matters
260 _aWashington :
_bInternational Communication Association,
_c2001
300 _a225 p.
942 _2lcc
_cbk
999 _c73026
_d73026